Online Catalogue and eLibrary

Dictionary of Symbolism: (Record no. 5996)

MARC details
000 -LEADER
fixed length control field 00425nam a22001577a 4500
005 - DATE AND TIME OF LATEST TRANSACTION
control field 20250320021323.0
008 - FIXED-LENGTH DATA ELEMENTS--GENERAL INFORMATION
fixed length control field 250320b |||||||| |||| 00| 0 eng d
020 ## - INTERNATIONAL STANDARD BOOK NUMBER
ISBN 0452011183
082 ## - DDC Classification
DDC Edition Number 4433
Class No. 302.23
Item Number - Author Mark BIE
100 ## - MAIN ENTRY--PERSONAL NAME
Personal name Biedermann, H
245 ## - TITLE STATEMENT
Title Dictionary of Symbolism:
Remainder of title Cultural Icons & The Meanings Behind Them
260 ## - PUBLICATION, DISTRIBUTION, ETC.
Place of publication, distribution, etc. New York,
Name of publisher, distributor, etc. Meridian
Date of publication, distribution, etc. 1994
300 ## - PHYSICAL DESCRIPTION
Extent (e.g. Volumes, Pages etc.) x, 465 p.,
500 ## - GENERAL NOTE
General note Dictionary.
942 ## - Koha item type (Biblio)
Koha item type Books in Stacks (Lending)
Holdings
Lost status Damaged status Collection code Home library Current library Date acquired Full call number Accession Number Item type
    Lending WERC Library WERC Library 03/20/2025 302.23 BIE 4433 Books in Stacks (Lending)

© WERC Library